| 000 | 00449nam a2200193Ia 4500 | ||
|---|---|---|---|
| 003 | 0100 | ||
| 008 | 130307s9999 xx 000 0 und d | ||
| 020 | _a0415124506 | ||
| 040 | _cARRUPELIB | ||
| 050 | _aHF5387.C87 1997 | ||
| 245 | _aCurrent issues in business ethics | ||
| 245 | _bprofessional ethics | ||
| 260 | _aLondon | ||
| 260 | _bRoutledge | ||
| 260 | _c1997 | ||
| 650 | _bPrayer | ||
| 700 | _aDavies, Peter W. F. (ed.) | ||
| 942 | 0 | 0 | _01 |
| 999 |
_c99097 _d99097 |
||